Największe miasta na Ukrainie - Statystyki

Ogólne statystyki
  • Ten quiz został rozwiązany 3 416 razy
  • Średni wynik to 12 z 25
Statystyki odpowiedzi
Miasto Liczba ludności % Poprawnych
Kijów 2 868 702
100%
Lwów 729 038
96%
Charków 1 451 132
91%
Odessa 1 017 022
86%
Donieck 949 825
85%
Dniepr 993 094
69%
Ługańsk 424 113
65%
Mariupol 458 533
58%
Sewastopol 344 853
55%
Zaporoże 766 268
55%
Krzywy Róg 652 137
46%
Mikołajów 494 922
45%
Chersoń 297 593
41%
Sumy 268 874
36%
Winnica 372 116
35%
Żytomierz 270 922
35%
Czernihów 295 670
33%
Równe 249 912
33%
Połtawa 295 950
29%
Chmielnicki 266 095
26%
Czerkasy 285 170
21%
Symferopol 338 319
21%
Czerniowce 262 129
12%
Gorłówka 254 416
6%
Makiejewka 351 820
6%
Nie znaleziono quizów pasujących do podanych kryteriów
Rozkład punktacji
Procent ludzi z każdym wynikiem
Percentyl według liczby udzielonych odpowiedzi
Twoja historia wyników
Nie rozwiązałeś tego quizu